| 000 | 00878cam a22002893a 4500 | ||
|---|---|---|---|
| 001 | 467 | ||
| 003 | PGUSA | ||
| 005 | 20140828082948.0 | ||
| 008 | 960301s1996||||xxu|||||s|||||000 1 eng d | ||
| 040 |
_aPGUSA _beng |
||
| 042 | _adc | ||
| 050 | 4 | _aPQ | |
| 100 | 1 |
_aLa Fayette, Madame de _q(Marie-Madeleine Pioche de La Vergne), _d1634-1693 |
|
| 245 | 1 | 4 |
_aThe Princess of Cleves _h[electronic resource] / _cMadame de La Fayette |
| 260 |
_bProject Gutenberg, _c1996 |
||
| 506 | _aPublic domain in the USA. | ||
| 516 | _aElectronic text | ||
| 653 | _aLove stories | ||
| 653 | _aNobility -- Fiction | ||
| 653 | _aMarried women -- Fiction | ||
| 653 | _aFrance -- History -- 16th century -- Fiction | ||
| 653 | _aPsychological fiction | ||
| 653 | _aHistorical fiction | ||
| 830 | 0 |
_aProject Gutenberg _v467 |
|
| 856 | 4 | 0 | _uhttp://www.gutenberg.org/ebooks/467 |
| 942 | _cEB | ||
| 999 |
_c229818 _d229818 |
||